000 00530cam a22002051 4500
001 ne 68001075
003 DLC
005 20260227111840.0
008 890301s1967 ua a 000 1 ara
010 _ane 68001075
035 _a(OCoLC)23497338
040 _aDLC
_cMiU
_dCU
_dDLC
042 _apremarc
050 0 0 _aPJ7820.U35
_bM3
100 1 _aDubūnī, Ṣafīyah.
245 1 0 _aMasʼalat sharaf.
260 _a[al-Qāhirah,
_bMaktabat al-Khānjī,
_c1967]
300 _a203 p.
_billus.
_c20 cm.
500 _aShort stories.
999 _c50226
_d50226